| 000 | 00791nam a22001337a 4500 | ||
|---|---|---|---|
| 040 | _cRUA | ||
| 082 | _aAGR SVA 2015 B547 Or.1 | ||
| 100 | _aSVAY RATHA ,ស្វាយ រដ្ឋា | ||
| 245 | _acomparison of different plant spacing on chinese radish in crop station of royal university of agriculture ,ការប្រៀបធៀបចន្លោះគុម្ពផ្សេងៗគ្នាលើដំណាំឆៃថាវនៅក្នុងលក្ខខណ្ឌស្ថានីយ៍ដំណាំសាកលវិទ្យាល័យភូមិន្ទកសិកម្ម | ||
| 260 |
_aphnom penh _bRUA _c2015 |
||
| 300 |
_axi;33p; _bill; _c29cm; |
||
| 856 | _uhttps://drive.google.com/file/d/1uwm_TPwyotCuZobBR9HpxKejHCm0dwm4/view?usp=sharing | ||
| 942 | _cAGR | ||
| 999 |
_c12195 _d12195 |
||